[Event "AUT-ch U08/10"]
[Site "Schwarzach"]
[Date "2008.06.06"]
[Round "3"]
[White "Hofer, Maximilian"]
[Black "Kaschka, Jonas"]
[Result "1-0"]
[WhiteElo "1423"]
[BlackElo "1437"]
[PlyCount "37"]
[EventDate "2008.06.06"]
[EventType "swiss"]
[EventRounds "7"]
[EventCountry "AUT"]
[SourceTitle "EXT 2009"]
[Source "ChessBase"]
[SourceDate "2008.11.26"]
[SourceVersion "1"]
[SourceVersionDate "2008.11.26"]
[SourceQuality "1"]

1. e4 e5 2. Nf3 Nc6 3. Bb5 a6 4. Ba4 b5 5. Bb3 Na5 6. Nc3 Nxb3 7. axb3 Bb7 8. 0-0 Nf6 9. d3 h6 10. Nxe5 Bd6 11. Nf3 0-0 12. Nd4 c5 13. Nf5 Bc7 14. Be3 Bb6 15. Qf3 Qe8 16. Bxh6 Qe5 17. Bxg7 Bc7 18. Qh3 Nh7 19. Bxe5 1-0